LIBRARY & INFORMATION CENTRE, KCAET, TAVANUR

ONLINE PUBLIC ACCESS CATALOGUE (OPAC)

Manual of Ground Water Quality Sampling Procedures / (Record no. 5538)

MARC details
000 -LEADER
fixed length control field 00537cam a2200193ua 4500
020 ## - INTERNATIONAL STANDARD BOOK NUMBER
ISBN 818504662 x
082 ## - DEWEY DECIMAL CLASSIFICATION NUMBER
Classification number 628.1140287
Item number SAC/MA
100 ## - MAIN ENTRY--AUTHOR NAME
Personal name Scalf, Marian R.
100 ## - MAIN ENTRY--AUTHOR NAME
Personal name McNabb, James F
100 ## - MAIN ENTRY--AUTHOR NAME
Personal name Dunlap, Williams J
100 ## - MAIN ENTRY--AUTHOR NAME
Personal name Cosby, Roger L
100 ## - MAIN ENTRY--AUTHOR NAME
Personal name Fryberger, John S
245 ## - TITLE STATEMENT
Title Manual of Ground Water Quality Sampling Procedures /
250 ## - EDITION STATEMENT
Edition statement 1 /
260 ## - PUBLICATION, DISTRIBUTION, ETC. (IMPRINT)
Place of publication Jodhpur :
Name of publisher Scientific Publishers ,
Year of publication 1987.
300 ## - PHYSICAL DESCRIPTION
Number of Pages 93 ; .
700 1# - ADDED ENTRY--PERSONAL NAME
Personal name .
942 ## - ADDED ENTRY ELEMENTS (KOHA)
Koha item type Reference
Holdings
Withdrawn status Lost status Damaged status Collection code Home library Current library Shelving location Date acquired Full call number Accession Number Koha item type
      Reference KAUAET KAUAET Reference 07/04/2012 628.1140287.SCA/MA 16908 Reference
free website counter